00934nam a2200217 a 4500001000900000005001700009008004100026020001500067040001800082050002100100245012000121260005300241300003200294500012500326650006000451700003200511710004700543942001100590999001300601952010200614BRCA_61420190320203102.0000929s2000 mx-a---##c---#000-0#spa-d a9685011125 aHUHcHUHdXRG 4aND255b.A78 200010aArte moderno de Méxicob1900-1950cLuis-Martín Lozano ; colaboraciones de Laura González Matute ... [et al.]. aMéxicobAntiguo Colegio de San Ildefonsoc2000 a307 p.bil. a colorc30 cm. aCatálogo de la exposición realizada en el Antiguo Colegio de San Ildefonso (Ciudad de México), julio-octubre, 200014aPintura modernavExposicionesySiglo XXzMéxico920981 aLozano, Luis-Martín920992 aGonzález Matute, Laura ...[et al.]92100 2lcccB c540d540 00104070aBRCAbBRCAd2008-06-25l0oND255 .A78 2000p00943r2019-03-22 00:00:00w2019-03-22yB